A translation of some chapters in "Culture shock ! Canada".

Đã lưu trong:
Chi tiết về thư mục
Tác giả chính: Nguyễn Thị Xuân Hiền.
Tác giả khác: Lê Thị Cẩm Vân., Trần Đình Nguyên (hướng dẫn.)
Định dạng: Sách
Ngôn ngữ:English
Được phát hành: Đà Nẵng, 1999.
Những chủ đề:
Các nhãn: Thêm thẻ
Không có thẻ, Là người đầu tiên thẻ bản ghi này!
Thư viện lưu trữ: Mạng thư viện Đại học Đà Nẵng
LEADER 01036cmm a2200349 i 4500
001 000045057
003 4174
005 20030509081243.0
008 010307|1999 vm 000 eng
040 |a IRC  |c IRC  |d IRC 
041 0 |a eng 
082 1 4 |a 428.02  |b NG-H 
100 1 |a Nguyễn Thị Xuân Hiền. 
245 0 2 |a A translation of some chapters in "Culture shock ! Canada".  |h [Thesis-Luận văn] /  |c Nguyễn Thị Xuân Hiền, Lê Thị Cẩm Vân thực hiện ; Trần Đình Nguyên hướng dẫn. 
260 |a Đà Nẵng,  |c 1999. 
300 |a 75Tr. ;  |c 30cm. 
630 0 4 |a English language. 
630 0 4 |a Culture. 
630 0 4 |a Translation. 
650 0 4 |a English language  |x Translation. 
700 1 |a Lê Thị Cẩm Vân. 
700 1 |a Trần Đình Nguyên,  |e hướng dẫn. 
OWN |a DUT 
999 |a From the UDN01 
TYP |a Computer file 
TYP |a Monograph 
980 |a Mạng thư viện Đại học Đà Nẵng